00000000nam 2200000zi 4500
0019.950502
003CaOODSP
00520250428114146
006m     o  d f      
007cr mn|||||||||
008250428t19911991qucab   ob   f000 0 eng d
020 |a0660138328 |q(print)
040 |aCaOODSP|beng|erda|cCaOODSP
043 |an-cn-qu|aln-----|an-cn---
045 |au-v-
0861 |aEn40-386/7-1991E-PDF|zEn40-386/7-1991E
24500|aEnvironmental atlas of the St. Lawrence : |bthe St. Lawrence : gateway to a continent : settlement (17th-18th centuries).
264 1|aMontréal, Québec : |bSt. Lawrence Centre, |c[1991]
264 4|c©1991
300 |a1 online resource (1 sheet) : |billustrations (some colour), colour maps
336 |atext|btxt|2rdacontent
337 |acomputer|bc|2rdamedia
338 |aonline resource|bcr|2rdacarrier
500 |aIssued also in French under title: Atlas environnemental du Saint-Laurent : le Saint-Laurent : porte d'entrée d'un continent : la mise en place du peuplement (17e-18e siècles).
500 |a"Human environment."
500 |a"[P]roduced by the Geography Department of l'Université Laval for the St. Lawrence Centre, ..."
500 |aDigitized edition from print [produced by Environment and Climate Change Canada].
504 |aIncludes bibliographical references.
650 0|aLand settlement|zSaint Lawrence River|y17th-18th centuries.
650 0|aLand settlement|zQuébec (Province)|zSaint Lawrence River Estuary|y17th-18th centuries.
650 0|aLand settlement|zSaint Lawrence, Gulf of|y17th-18th centuries.
651 0|aCanada|xHistory|yTo 1763 (New France)
7102 |aSt. Lawrence Centre, |eissuing body.
7102 |aUniversité Laval. |bDépartement de géographie, |eissuing body.
77508|tAtlas environnemental du Saint-Laurent : |w(CaOODSP)9.926263
85640|qPDF|s3.62 MB|uhttps://publications.gc.ca/collections/collection_2025/eccc/en40/En40-386-7-1991-eng.pdf